Selected works of V. S. Varadarajan Donald G. Babbitt...[κ. ά.]...editors.

Αποθηκεύτηκε σε:
Λεπτομέρειες βιβλιογραφικής εγγραφής
Κύριος συγγραφέας: Varadarajan, V. S.
Άλλοι συγγραφείς: Babbitt, Donald G. (Επιμελητής έκδοσης)
Μορφή: Βιβλίο
Γλώσσα:English
Δημοσίευση: New Delhi : Hindustan Book Agency, c2013.
Θέματα:
Ετικέτες: Προσθήκη ετικέτας
Δεν υπάρχουν, Καταχωρήστε ετικέτα πρώτοι!

MARC

LEADER 00000nam a2200000 a 4500
001 1/111265
008 160705t2013####ii | ||| |||| ||eng||
020 |a 9789380250571  
020 |a 9789380250557 
020 |a 9789380250564 
040 |a GR-MyUa  |b gre  |c GR-MyUa  |e AACR2 
041 0 |a eng 
082 7 |a 510   |2 (23)  
100 1 |a Varadarajan, V. S. 
245 1 0 |a Selected works of V. S. Varadarajan /   |b Donald G. Babbitt...[κ. ά.]...editors.  
246 1 |i Τίτλος εξωφύλλου:   |a Selected papers of V. S. Varadarajan 
260 |a New Delhi :   |b Hindustan Book Agency,   |c c2013. 
300 |a 2 τ. ;   |c 25 εκ.  
504 |a Περιέχουν βιβλιογραφικές αναφορές 
505 8 |a Τ. 2. Differential equations, Representation theory -- τ. 3. Physics, Analysis and probability, Reflections and reviews  
650 0 |a Mathematics. 
650 0 |a Differential equations. 
650 0 |a Physics. 
700 1 |a Babbitt, Donald G.  |e edt 
740 0 |a Differential equations, Representation theory 
740 0 |a Physics, Analysis and probability, Reflections and reviews  
852 |a INST  |b SAMOS  |e 20160705  |h 510 VAR  |p 005300043675  |q 005300043675  |t BK  |v τομ.2:  |y 0 
852 |a INST  |b SAMOS  |e 20160705  |h 510 VAR  |p 005300043676  |q 005300043676  |t BK  |v τομ.3:  |y 0 
853 |a INST  |b SAMOS  |h 510 VAR 
922 |a 3ΕΛΗ  |b 201606  |c Τμήμα Μαθηματικών  |d Διαδρομές 
970 |a Κοσιέρης  |b Χρήστος  |z 05-07-2016